Chemical reactor theory: an introduction

Sparad:
Bibliografiska uppgifter
Huvudupphovsmän: Denbigh, Kenneth (Författare, medförfattare), Turner, J. C (Författare, medförfattare)
Materialtyp: Bok
Språk:engelska
Publicerad: Cambridge Cambridge University 1984
Upplaga:3a. ed
Ämnen:
Taggar: Lägg till en tagg
Inga taggar, Lägg till första taggen!

MARC

LEADER 00000nam a2200000 a 4500
001 UCU7243
003 CL-VaPUC
008 960628e19840000uk |||||||||||||||||eng|d
082 0 4 |a 660.283  |b DEN  |2 21 
100 0 |a Denbigh, Kenneth  |e author  |9 365901 
700 0 |a Turner, J. C  |e author  |9 365902 
245 1 0 |a Chemical reactor theory: an introduction 
250 |a 3a. ed 
300 |a 253 p 
942 |c BK 
945 |d 19960628 00:00:00  |a paguirre 
260 |a Cambridge  |b Cambridge University  |c 1984 
650 0 |a Reacciones químicas  |9 259438 
650 0 |a Tecnología química   |9 263002 
650 0 |a Cinética química   |9 344779 
650 7 |a TEMPERATURA  |2 CL-VaPUC  |9 365903 
650 0 |a Estados de la Materia  |9 347141 
650 0 |a Sólidos  |9 260188 
650 0 |a Líquidos  |9 260946 
650 0 |a Catálisis  |9 259915 
583 |a last modification  |c 20180403 10:59:55  |k Rodrigo Vera 
999 |c 249920  |d 249918 
952 |0 0  |1 0  |4 0  |6 660_283000000000000_DEN_1984  |7 0  |8 A  |9 267486  |a BIBING  |b BIBING  |d 2019-11-19  |i 169961K  |o 660.283 DEN 1984  |p 169961K  |r 2025-01-20  |w 2019-11-19  |y BK  |k EIQ